The symbols of government
Salvato in:
| Autore principale: | |
|---|---|
| Natura: | Libro |
| Lingua: | Undetermined |
| Pubblicazione: |
London
New Haven
1935
|
| Soggetti: | |
| Tags: |
Aggiungi Tag
Nessun Tag, puoi essere il primo ad aggiungerne! !
|
| Thư viện lưu trữ: | Trung tâm Học liệu Trường Đại học Cần Thơ |
|---|
| LEADER | 00494nam a2200181Ia 4500 | ||
|---|---|---|---|
| 001 | CTU_109154 | ||
| 008 | 210402s9999 xx 000 0 und d | ||
| 082 | |a 320 | ||
| 082 | |b A759 | ||
| 100 | |a Arnold, Thurman W. | ||
| 245 | 4 | |a The symbols of government | |
| 245 | 0 | |c Thurman W. Arnold | |
| 260 | |a London | ||
| 260 | |b New Haven | ||
| 260 | |c 1935 | ||
| 650 | |a Political science,Law,Economics,Social psychology | ||
| 904 | |i Truc | ||
| 980 | |a Trung tâm Học liệu Trường Đại học Cần Thơ | ||